Landeshauptstädte, die München am nächsten liegen - Statistiken

Allgemein
  • Dieses Quiz wurde 172 mal gespielt
    163 seit der letzten Aktualisierung
  • Das Durchschnittsergebnis liegt bei 9 aus 15
Antwortstatistiken
Entfernung Landeshauptstadt % Korrekt
191km Stuttgart
100%
318km Erfurt
86%
318km Mainz
74%
325km Wiesbaden
72%
357km Saarbrücken
62%
360km Dresden
59%
695km Kiel
58%
444km Magdeburg
58%
489km Hannover
55%
486km Potsdam
54%
505km Berlin
50%
487km Düsseldorf
50%
613km Hamburg
47%
583km Bremen
46%
611km Schwerin
46%
Keine übereinstimmenden Quizze gefunden
Verteilung der Resultate
Anzahl Personen mit jedem Resultat
Perzentil nach korrekt beantworteten Fragen
Ihre Resultats-Entwicklung
Sie haben dieses Quiz seit der letzten Aktualisierung nicht gespielt